| 000 | 00423nam a2200157 a 4500 | ||
|---|---|---|---|
| 001 | 114 | ||
| 003 | CDMR | ||
| 005 | 20130321174201.0 | ||
| 008 | 130130s1996||||||||||||||||||||||||||||d | ||
| 020 | _a8474711169 | ||
| 040 |
_aCDMR _bcat _cCPC LLEIDA |
||
| 110 | 1 |
_9101 _aEspaƱa _b -- Ministerio de Presidencia |
|
| 245 | 1 | 0 | _aAgenda de la Comunicación 1996 |
| 260 |
_aMadrid _c1996 _bMinisterio de la Presidencia |
||
| 942 |
_cMON _2udc |
||
| 999 |
_c114 _d114 |
||